000 00337nam a22001337a 4500
020 _a0023035102
082 _a658.45 AND
100 _aANDREWS,Deborah C.
245 _aBusiness communication
260 _aNew york
_bMacmillan publishing
_c1988
300 _axxvi,623p.
_bill.;graphs,charts,tables,23cm.
500 _aindex
942 _cBK
999 _c18855
_d18855